02419nkc a2200349za 450000100060000000300040000600500170001000700070002700800410003404000240007510000330009924500570013226000240018930001000021350002550031350001930056850000650076150001340082650001690096050400520112950500550118151001510123651002100138756101300159761000460172765000280177365100190180165500340182070000530185485200120190785601500191984720OSt20260324164731.0kh boc250410s19101911sp ||||| ||||||0| i|spa d aM-RABAbspacM-RABA1 aElorza, Lorenzod(1861-1931)10aZuazo de Cuartangob: Puerta de la Iglesia c/ L. E. c[ca. 1910 – 1911] a1 fotografíab: gelatina de plata c; imagen 12 x 17 cm c; soporte secundario 21,5 x 26,5 cm aVista de la portada de la iglesia parroquial de San Pedro en Zuazo de Cuartango, formada por un arco apuntado con cuatro arquivoltas, trasdós sin decorar y tres columnas a cada lado con basas de garra, fuste liso y baquetones en los intercolumnios. aFotografía montada sobre soporte secundario de cartulina azul enmarcada con orla en relieve. Título y numeración manuscrita que hace referencia a la posición en la serie “165”. aSello con monograma del fotógrafo en tinta roja “L.E.” aFechas tomadas de la ejecución del positivo de las fotografías, incluido el soporte secundario. (Soto Madrazo, Javier. 2008). aForma parte de un conjunto de 167 fotografías empleadas por Federico Baráibar Zumárraga para la elaboración del Inventario del Románico en Álava (1911). aBaraibar, F.: "Rincones artísticos", M. 1914. aZuazo de Cuartango.- Puerta de la Iglesia. / L. E. aDescripción tomada de: Soto Madrazo, Javier (2008). Federico Baraibar y el Inventario del Románico en Álava: una caja con 167 fotografías. aEsta colección fue utilizada posteriormente por Cristóbal de Castro para la elaboración y publicación del "Catálogo Monumental de España: provincia de Álava", Madrid, S. de Rivadeneira, 1915. aDonadas junto con la memoria manuscrita a la Academia por el mismo Baraibar (Sesión 12 de febrero de 1912, Archivo: 4-32-1)27aIglesia de San Pedro (Zuazo de Cuartango) 7aArquitectura románica 7aÁlava2embne 7aFotografía de arquitectura.1 aBaráibar y Zumárraga, Federico d(1851-1918) jFot-274 3Fot-274uhttps://archivoybiblioteca.realacademiabellasartessanfernando.com/cgi-bin/koha/opac-retrieve-file.pl?id=3f887049d82c93868c83410bfd5a462e